Yo fui guardaespaldas de Hitler, 1940-1945 / (Record no. 163025)
[ view plain ]
| 000 -CABECERA | |
|---|---|
| campo de control de longitud fija | 00824nam a2200253 u 4500 |
| 005 - FECHA Y HORA DE LA ÚLTIMA TRANSACCIÓN | |
| campo de control | 20210223132054.0 |
| 008 - ELEMENTOS DE LONGITUD FIJA--INFORMACIÓN GENERAL | |
| campo de control de longitud fija | 130502s2007 r 000 0 eng d |
| 020 ## - NÚMERO INTERNACIONAL NORMALIZADO PARA LIBROS | |
| Número Internacional Estándar del Libro | 970770855X (10 dígitos) |
| 020 ## - NÚMERO INTERNACIONAL NORMALIZADO PARA LIBROS | |
| Número Internacional Estándar del Libro | 9789707708556 (13 dígitos) |
| 035 ## - NÚMERO DE CONTROL DEL SISTEMA | |
| Número de control de sistema | UPN01000190922 |
| 049 ## - COLECCIÓN | |
| Colección | CG |
| 050 #4 - SIGNATURA TOPOGRÁFICA DE LA BIBLIOTECA DEL CONGRESO | |
| Número de clasificación | DD247 H5 |
| Número de documento/Ítem | M5.8 |
| 100 1# - ASIENTO PRINCIPAL--NOMBRE PERSONAL | |
| Nombre de persona | Misch, Rochus, |
| Fechas asociadas al nombre | 1917- |
| 245 10 - MENCIÓN DE TÍTULO | |
| Título | Yo fui guardaespaldas de Hitler, 1940-1945 / |
| Mención de responsabilidad, etc. | Rochus Misch ; tr. Núria Petit. |
| 260 ## - PUBLICACIÓN, DISTRIBUCIÓN, ETC. | |
| Lugar de publicación, distribución, etc. | México : |
| Nombre del editor, distribuidor, etc. | Taurus, |
| Fecha de publicación, distribución, etc. | 2007. |
| 300 ## - DESCRIPCIÓN FÍSICA | |
| Extensión | 302 p. : |
| Otras características físicas | il. |
| 440 #0 - MENCIÓN DE SERIE/ASIENTO SECUNDARIO--TÍTULO | |
| Título | Memorias y biografías |
| 534 ## - NOTA SOBRE LA VERSIÓN ORIGINAL | |
| Frase introductoria | Título original: |
| Mención de título del original | J'etais garde du corps d'Hitler, 1940-1945 |
| 600 14 - ASIENTO SECUNDARIO DE MATERIA - NOMBRE PERSONAL | |
| Nombre de persona | MISCH, ROCHUS, |
| Fechas asociadas al nombre | 1917- |
| 600 14 - ASIENTO SECUNDARIO DE MATERIA - NOMBRE PERSONAL | |
| Nombre de persona | HITLER, ADOLF, |
| Fechas asociadas al nombre | 1889-1945 |
| 9 (RLIN) | 3096 |
| 650 #4 - ASIENTO SECUNDARIO DE MATERIA - TERMINO TEMATICO | |
| Término de materia o nombre geográfico como elemento de entrada | GUARDAESPALDAS - |
| Subdivisión geográfica | ALEMANIA - |
| Subdivisión de forma | BIOGRAFIA |
| 9 (RLIN) | 22272 |
| 905 ## - TIPO DE MATERIAL | |
| Tipo de material | Libro |
| Estado de retiro | Estado de pérdida | Fuente del sistema de clasificación o colocación | Estado dañado | No para préstamo | Código de colección | Localización permanente | Ubicación/localización actual | Ubicación en estantería | Fecha de adquisición | Total de préstamos | Clasificación | Código de barras | Fecha visto por última vez | Fecha del último préstamo | Número de copia | Tipo de ítem Koha |
|---|---|---|---|---|---|---|---|---|---|---|---|---|---|---|---|---|
| Library of Congress Classification | Colección General | Bib. Gregorio Torres Quintero | Bib. Gregorio Torres Quintero | Planta baja | 09/08/2022 | 15 | DD247 H5 M5.8 | 288776 | 23/08/2022 | 09/08/2022 | 1 | Libro |
